Notable mathematicians : (Record no. 14330)

000 -LEADER
fixed length control field 00596nam a22001697a 4500
008 - FIXED-LENGTH DATA ELEMENTS--GENERAL INFORMATION
fixed length control field 160930b xxu||||| |||| 00| 0 eng d
020 ## - INTERNATIONAL STANDARD BOOK NUMBER
International Standard Book Number 0787630713
050 ## - LIBRARY OF CONGRESS CALL NUMBER
Classification number QA 28
Item number .N66 1997
100 ## - MAIN ENTRY--PERSONAL NAME
Personal name Young, Robyn V.
245 ## - TITLE STATEMENT
Title Notable mathematicians :
Remainder of title from ancient times to the present/
Statement of responsibility, etc. Robyn V. Young and Zoran Minderovic.
260 ## - PUBLICATION, DISTRIBUTION, ETC. (IMPRINT)
Place of publication, distribution, etc. Detroit :
Name of publisher, distributor, etc. Gare research,
Date of publication, distribution, etc. 1998.
300 ## - PHYSICAL DESCRIPTION
Extent xxi, 612p. :
Other physical details ill. ;
Dimensions 28cm.
500 ## - GENERAL NOTE
General note Include bibliography and index.
650 ## - SUBJECT ADDED ENTRY--TOPICAL TERM
Topical term or geographic name as entry element Mathematicians
General subdivision biography.
700 ## - ADDED ENTRY--PERSONAL NAME
Personal name Minderovic, Zoran
942 ## - ADDED ENTRY ELEMENTS (KOHA)
Source of classification or shelving scheme
Koha item type Hard Covered Materials
Classification part QA 28 .N66 1997
Holdings
Withdrawn status Lost status Source of classification or shelving scheme Damaged status Not for loan Home library Current library Shelving location Date acquired Source of acquisition Total Checkouts Full call number Barcode Date last seen Price effective from Koha item type
          MACHAKOS UNIVERSITY LIBRARY MACHAKOS UNIVERSITY LIBRARY Open shelf 30/09/2016 Donation(BFA)   QA 28 .N66 1997 26029 30/09/2016 30/09/2016 Hard Covered Materials
© Machakos University Library, Along The Highway, Machakos Wote Rd, Machakos, Kenya P.O. Box 136 - 90100 Machakos - Kenya

Tel: ( +254 ) 723 805829 OR Fax : 044-20353 OR Email: library@mksu.ac.ke